000 00536nam a2200193Ia 4500
005 20230127100253.0
008 131103s9999 xx 000 0 und d
040 _aLoreto College
041 _aEnglish
082 _a833
_bMAN
100 _aMann, Thomas
245 _aLotte in weimar
_cThomas Mann; translated from the german by H. T. Lowe porter
260 _aNew York
_bPenguin Books
_c1976
300 _a330p.
650 _aGerman literature - fiction
700 _aPorter, H. T. Lowe; tr.
850 _aLCLIB
942 _cBK
999 _c22725
_d73204